| 000 | 01044cam a2200217 4500 | ||
|---|---|---|---|
| 001 | WB@3612-815 | ||
| 008 | 040729n2004 000 0 eng u | ||
| 035 | _a(Sirsi) u126969 | ||
| 245 | _aRICS rural land market survey | ||
| 260 | _c2004 | ||
| 490 |
_aRICS News Service _v(pr072) 28 July 2004 (3) |
||
| 520 | _aThe latest "RICS rural land market survey: Great Britain" has been published. It shows that in the second quarter, April to June 2004, the price of farmland is continuing to rise as demand outstrips supply. Prices rose by 16% on the same period last year and averaged £8630 per hectare. The rise is fuelled by a decline in the amount of land coming onto the market. Non-farmers continue to play an active role in the farmland market and account for 43% of purchases over the last quarter. For the full report see the website. | ||
| 590 | _aWB | ||
| 590 | _aWB | ||
| 650 | _aFARMLAND PRICES | ||
| 650 | _aFARMLAND MARKET | ||
| 650 | _aFARMLAND SALES | ||
| 650 | _aRURAL AREAS | ||
| 690 | _aRURAL-MARKET | ||
| 942 | _n0 | ||
| 999 |
_c117791 _d117791 |
||